000 00713nam0a22002411 4500
001 rc\342835
005 20250621050403.0
010 _a5-279-00240-2
_950000
035 _a(NLR Aleph) 005586389
090 _a6166105
_c6166105
100 _a20030307d1989 |||y0rusy50 ca
101 0 _arus
102 _aRU
105 _ay |||||||||
200 1 _aФортран 77 ЕС ЭВМ
_eСправ. изд.
_f[З.С. Брич и др.]
210 _aМ.
_cФинансы и статистика
_d1989
215 _a350, [1] с.
_d21
702 1 _aБрич
_bЗ.С.
_gЗинаида Сергеевна
_4220
801 0 _aRU
_bNLR
_gpsbo
801 1 _aRU
_bELAR
_2rusmarc
852 _aNLR
_j89-3/15899
942 _cBOOK
980 _aNB